|
|
|
|
| LEADER |
02358nam a2200493 a 4500 |
| 001 |
EBC3138355 |
| 003 |
MiAaPQ |
| 005 |
20200520144314.0 |
| 006 |
m o d | |
| 007 |
cr cn||||||||| |
| 008 |
120201s2012 nyu sb 001 0 eng d |
| 010 |
|
|
|z 2012004510
|
| 020 |
|
|
|z 9780801450921 (cloth alk. paper)
|
| 020 |
|
|
|a 9780801465963 (electronic bk.)
|
| 035 |
|
|
|a (MiAaPQ)EBC3138355
|
| 035 |
|
|
|a (Au-PeEL)EBL3138355
|
| 035 |
|
|
|a (CaPaEBR)ebr10582980
|
| 035 |
|
|
|a (CaONFJC)MIL681660
|
| 035 |
|
|
|a (OCoLC)808341954
|
| 040 |
|
|
|a MiAaPQ
|c MiAaPQ
|d MiAaPQ
|
| 043 |
|
|
|a e-dk---
|a e-fi---
|a e-ie---
|
| 050 |
|
4 |
|a HC360.H53
|b O75 2012
|
| 082 |
0 |
4 |
|a 338.4/76094
|2 23
|
| 100 |
1 |
|
|a Ornston, Darius,
|d 1978-
|
| 245 |
1 |
0 |
|a When small states make big leaps
|h [electronic resource] :
|b institutional innovation and high-tech competition in Western Europe /
|c Darius Ornston.
|
| 260 |
|
|
|a Ithaca :
|b Cornell University Press,
|c 2012.
|
| 300 |
|
|
|a x, 234 p.
|
| 490 |
1 |
|
|a Cornell studies in political economy
|
| 504 |
|
|
|a Includes bibliographical references and index.
|
| 505 |
0 |
|
|a Introduction : recasting corporatism -- The paradox of high-tech corporatism -- The crisis of low-tech production in Denmark, Finland, and Ireland -- From price-fixing cartels to research consortia : rapid restructuring in Finland -- From social protection to skill formation : diversified high-tech production in Denmark -- A low-end producer in high-tech markets : economic adjustment in Ireland -- Comparing corporatisms -- Conclusion : explaining institutional innovation.
|
| 533 |
|
|
|a Electronic reproduction. Ann Arbor, MI : ProQuest, 2015. Available via World Wide Web. Access may be limited to ProQuest affiliated libraries.
|
| 650 |
|
0 |
|a High technology industries
|z Denmark.
|
| 650 |
|
0 |
|a High technology industries
|z Finland.
|
| 650 |
|
0 |
|a High technology industries
|z Ireland.
|
| 650 |
|
0 |
|a Corporate state
|z Denmark.
|
| 650 |
|
0 |
|a Corporate state
|z Finland.
|
| 650 |
|
0 |
|a Corporate state
|z Ireland.
|
| 650 |
|
0 |
|a Industrial policy
|z Denmark.
|
| 650 |
|
0 |
|a Industrial policy
|z Finland.
|
| 650 |
|
0 |
|a Industrial policy
|z Ireland.
|
| 655 |
|
4 |
|a Electronic books.
|
| 710 |
2 |
|
|a ProQuest (Firm)
|
| 830 |
|
0 |
|a Cornell studies in political economy.
|
| 856 |
4 |
0 |
|u https://ebookcentral.proquest.com/lib/matrademy/detail.action?docID=3138355
|z Click to View
|